Регионална библиотека "Любен Каравелов" - Русе

Хилядократния (Запис номер 79022)

MARC детайли
000 -Лидер
Контролно поле с фиксирана дължина 01130nam a2200313 c 4500
003 - Код на организацията, давaща контролен номер
Контролно поле BLK
005 - Дата и час на последна редакция
Контролно поле 20180420224420.0
008 - Елементи от данни с фиксирана дължина
fixed length control field 180408b bul|||||r ||||||| ||bul||
010 ## - Наследен системен номер
LC control number KNG00083492000
020 ## - Международен стандартен номер на книга ISBN
Международен стандартен номер на книга ISBN 978-954-90045-3-3
-- издат.: Култура
040 ## - Източник на каталожния запис
Идентификатор на билиотеката - собственик на записа BLK
041 ## - Код за език
Код за езика на текст/звукозапис или на отделно заглавие Български
Код за езика КДБФ Български
Други езици Арменски
080 ## - УДК
Текстов определител УДК Арменска литература
УДК код - определител по УДК 821.19
УДК определител -93-34
УДК - код + определител 821.19-93-34
139 ## - Редно поле
Редна дума Хилядократния
Авторски знак Хил - Х 49
245 10 - Сведения за заглавието
Заглавие Хилядократния
Подзаглавни данни Арм. нар. приказка
Редно поле (дума) прев. Силва Хачерян; ил. Вержиния Маркарова.
257 ## - Страна на издаване
Страна на създаване/издаване България
260 ## - Област на издателските данни
-- София
Име на издателя, разпространителя и проч. Култура
Година на издаване 2007
300 ## - Физическа характеристика
Страници 8 с.
Илюстрации и др. с ил.
Размери/Мащаб 28 см
380 ## - Жанр
Жанр Детска худож. лит.
490 1# - СЕРИИ (Колекции)
Име на серия Поредица Културни паралели
№: серия 2
500 ## - Общи забележки
Забележка Парал. текст на арм. ез.
700 1# - Други автори (авторска отговорност)
Лично име Хачерян, Силва
Автороска отговорност (Описва отношението между автора и произведението) прев.
9 (RLIN) 298994
700 1# - Други автори (авторска отговорност)
Лично име Маркарова, Вержиния
Автороска отговорност (Описва отношението между автора и произведението) ил.
9 (RLIN) 298995
852 ## - Местоположение
Форматна сигнатура Цб ІІ 15221
856 4# - Електронен адрес и достъп
Електронен формат pdf - файл
Път до файла /url/
856 4# - Електронен адрес и достъп
Електронен формат pdf - файл
Път до файла /url/
942 ## - АРТИКУЛИ
Вид на библиотечния материал Книги
Скрит в OPAC Не
944 ## - СЪЗДАВАНЕ И РЕДАКЦИЯ на ЗАПИСА
Създаване/Редакция Създаване
Дата на регистрацията/редакция 23.04.2008
Служител, извършил регистрацията/редакцията Валя_Йорданова
944 ## - СЪЗДАВАНЕ И РЕДАКЦИЯ на ЗАПИСА
Създаване/Редакция Редакция
Дата на регистрацията/редакция 23.04.2008
Служител, извършил регистрацията/редакцията
999 ## - СИСТЕМНИ КОНТРОЛНИ НОМЕРА
Koha biblionumber 79022
Koha biblioitemnumber 79022
Наличности
Код за отписване Код за изгубен артикул Код за повреда Коз за рестрикции Код за отдаване Артикулен № Име на библиотеката - собственик Име на библиотеката, в която се намира в момента Статус (Текущо местоположение) Дата на вписване в системата Местоположение - отдел Цена в лева Инвентарен номер Систематично азбучна сигнатура Баркод Номер на екземпляра Цена в евро Служебна бележка Служебен тип на артикула
  Не е изгубен Не е повреден без рестрикции заемане за дома 127817 Регионална библиотека "Любен Каравелов" Русе Регионална библиотека "Любен Каравелов" Русе Детски отдел 2008-04-22 Детски отдел 2.00 120000725949 Д 820/899/Х 49 120000725949 1 1.02 Дост: DA Вид: А N: 7 Дата: 22.04.2008 Дата инв: 14.08.2015 Бележки инв: Д2015 Книги
  Не е изгубен Не е повреден без рестрикции заемане за дома 127818 Регионална библиотека "Любен Каравелов" Русе Регионална библиотека "Любен Каравелов" Русе Детски отдел 2008-04-22 Детски отдел 2.00 120000725950 Д 820/899/Х 49 120000725950 2 1.02 Дост: DA Вид: А N: 7 Дата: 22.04.2008 Дата инв: 14.08.2015 Бележки инв: Д2015 Книги
  Не е изгубен Не е повреден без рестрикции заемане за дома 127819 Регионална библиотека "Любен Каравелов" Русе Регионална библиотека "Любен Каравелов" Русе Детски отдел 2008-04-22 Детски отдел 2.00 120000725951 Д 820/899/Х 49 120000725951 3 1.02 Дост: DA Вид: А N: 7 Дата: 22.04.2008 Дата инв: 14.08.2015 Бележки инв: Д2015 Книги
Vip Innovations Ltd, Rousse, Bulgaria 2025